Handbook of electronic test procedures / (Record no. 131662)

MARC details
000 -LEADER
fixed length control field 00702nam a22002297a 4500
005 - DATE AND TIME OF LATEST TRANSACTION
control field 20170124110132.0
010 ## - LIBRARY OF CONGRESS CONTROL NUMBER
LC control number A-216164
020 ## - INTERNATIONAL STANDARD BOOK NUMBER
Terms of availability 00.00
International Standard Book Number 0133774570
035 ## - SYSTEM CONTROL NUMBER
System control number A-216164
037 ## - SOURCE OF ACQUISITION
Source of stock number/acquisition Cen Lib/Ret
040 ## - CATALOGING SOURCE
Original cataloging agency DPL
Language of cataloging EN
082 ## - DEWEY DECIMAL CLASSIFICATION NUMBER
Classification number 621.34
Item number LEN
100 ## - MAIN ENTRY--PERSONAL NAME
Personal name Lenk, John D.
9 (RLIN) 32412
245 ## - TITLE STATEMENT
Title Handbook of electronic test procedures /
Statement of responsibility, etc by John D. Lenk
260 ## - PUBLICATION, DISTRIBUTION, ETC. (IMPRINT)
Place of publication, distribution, etc New Jersey
Name of publisher, distributor, etc Prentice Hall, Inc.
Date of publication, distribution, etc 1982
270 ## - ADDRESS
City New Jersey
Address englewood cliffs
300 ## - PHYSICAL DESCRIPTION
Extent xiv, 300p.
Dimensions 21m(Hb)
500 ## - GENERAL NOTE
General note Includes index
650 ## - SUBJECT ADDED ENTRY--TOPICAL TERM
Topical term or geographic name as entry element Electronic appartus appliances
Form subdivision Handbooks
General subdivision Testing
9 (RLIN) 32413
650 ## - SUBJECT ADDED ENTRY--TOPICAL TERM
Topical term or geographic name as entry element Testing
Geographic subdivision
9 (RLIN) 32414
942 ## - ADDED ENTRY ELEMENTS (KOHA)
Source of classification or shelving scheme Dewey Decimal Classification
Koha item type English Books
Classification part 621.34
Call number suffix LEN
Holdings
Withdrawn status Lost status Damaged status Not for loan Home library Current library Date acquired Source of acquisition Cost, normal purchase price Total Checkouts Full call number Barcode Date last seen Copy number Cost, replacement price Price effective from Koha item type
        Central Library Central Library 15/07/2015 Cen Lib/Ret 0.00   621.34 LEN A-216164 15/07/2015 1 0.00 15/07/2015 English Books

© Delhi Public Library
Hit Counter
free hit counter